000 01131nam a22003497a 4500
003 CHAP
005 20220817043648.0
008 000427d1991 it r 00010 eng d
010 _a80924
011 _a81896
020 _a9250030649
035 _a92379
040 _cCHAP
082 1 0 _a639.2
_bF46 v.445
110 2 _aFAO
245 1 0 _aManagement strategies for inland fisheries in the sahel
_c/by FAO
260 _aRome :
_bFAO,
_c1991
300 _a151 p.
490 0 _aFAO. Informe de pesca
_v; 445
500 _aEdición bilingue (inglés, francés)
590 _aBATCH-UPD
_b10
_c20130110
_lUCH01
_h0536
590 _aBATCH-UPD
_b10
_c20130410
_lUCH01
_h0216
590 _aBATCH-UPD
_b10
_c20130914
_lUCH01
_h1348
590 _aCONVERSION
_b10
_c20130109
_lUCH01
_h1345
650 1 4 _aPesquería
_xAfrica.
_987498
830 0 _aFAO. Informe de pesca
_v; 445
_939587
901 _aBK
905 _aPatricia Mendoza P.
942 _cLIBRO
949 _a639.2 F46 v.445
_bBC
_cFAO
_d33724000771226
_eFAO2
_fc.2
_gDonaciØn
_h97476
_i92379
_sb
949 _a639.2 F46 v.445
_bBC
_cFAO
_d33724000771234
_eFAO1
_gDonaciØn
_h81269
_i92379
_sb
999 _c80924
_d80924